|
|
|
|
| LEADER |
00000nam0a2200000 4500 |
| 001 |
42711 |
| 005 |
20231031015628.0 |
| 010 |
|
|
|a 9667807134
|
| 035 |
|
|
|a (RuTPU)RU\TPU\book\44083
|
| 090 |
|
|
|a 42711
|
| 100 |
|
|
|a 20020916d2002 m y0rusy50 ca
|
| 101 |
0 |
|
|a rus
|
| 102 |
|
|
|a UA
|
| 105 |
|
|
|a a j 001zy
|
| 200 |
1 |
|
|a Основы градостроительного менеджмента и мониторинга
|e учебное пособие
|f М. В. Губина
|
| 210 |
|
|
|a Киев
|c ВИРА-Р
|d 2002
|
| 215 |
|
|
|a 248 с.
|c ил.
|
| 320 |
|
|
|a Библиогр.: с. 243-247.
|
| 330 |
|
|
|a В настоящем издании рассматриваются вопросы научного подхода к управлению реализацией градостроительных и архитектурных объектов, мониторинговые задачи городских структур и прикладной характер компьютерных технологий для этих целей. Рекомендовано студентам высших учебных заведений, студентам, изучающим городской менеджмент и мониторинг, а также специалистам, работающим в сфере управления и проектирования в городском хозяйстве.
|
| 610 |
1 |
|
|a градостроительство
|
| 610 |
1 |
|
|a менеджмент
|
| 610 |
1 |
|
|a мониторинг
|
| 610 |
1 |
|
|a города
|
| 610 |
1 |
|
|a управление
|
| 610 |
1 |
|
|a оптимизация
|
| 610 |
1 |
|
|a планирование
|
| 610 |
1 |
|
|a учебные пособия
|
| 675 |
|
|
|a 711.4(075.8)
|v 3
|
| 700 |
|
1 |
|a Губина
|b М. В.
|g Мария Владимировна
|
| 801 |
|
1 |
|a RU
|b 63413507
|c 20020916
|g PSBO
|
| 801 |
|
2 |
|a RU
|b 63413507
|c 20021023
|g PSBO
|
| 900 |
|
|
|a Менеджмент...
|
| 942 |
|
|
|c BK
|
| 954 |
|
|
|a 521500
|b 290500
|